| 000 | 00853nam a22002297a 4500 | ||
|---|---|---|---|
| 999 |
_c3911 _d3911 |
||
| 003 | AR-CdUCM | ||
| 008 | 190307b ||||| |||| 00| 0 spa d | ||
| 040 |
_aMUNICIPALIDAD PROVINCIAL DEL CUSCO _cBIBLIOTECA MUNICIPAL DEL CUSCO |
||
| 041 | _hchi | ||
| 082 |
_a895.1 / _bN96 |
||
| 110 |
_aEdiciones en lenguas extranjeras Pekin, _96676 |
||
| 245 | _aNuestro chou en -lai / | ||
| 260 |
_aChina : _bImpreso en la república de China, _c1978. |
||
| 300 |
_a198 paginas ; _c22 cm. |
||
| 505 | _aEl premier y nuestro ejercito -- Chou en-lai en los asuntos exteriores -- Su juventud en tientsin -- En el levantamiento de nanchang -- Vida combativa en chungching... | ||
| 650 |
_aCuentos chinos _912534 |
||
| 650 |
_aChina _9843 |
||
| 650 |
_aPekin _94310 |
||
| 710 |
_aEdiciones en lenguas extranjeras Pekin, _96676 |
||
| 942 |
_2ddc _cLIBROS |
||
| 945 | _awnts | ||